000 00718nam a2200289Ia 4500
005 20260324121027.0
008 008 260324s9999 xx 000 0 eng d
020 _a9780203097984
037 _aEBOOK
040 _aCRL
040 _beng
040 _cCRL
041 _2eng
041 _aeng
084 _qCRL
100 _aVernon D. Miller; Michael E. Gordon
_91160903
245 0 _aMeeting the Challenge of Human Resource Management
245 2 _bA Communication Perspective
260 _bTaylor and Francis
260 _c2014
365 _a
365 _b255
856 _uhttp://www.taylorfrancis.com/books/9780203097984
942 _cEBOOK
999 _c1752750
_d1752750